00919nam0a22002171 4500001001100000005001700011021001900028035002600047100004100073101000800114102000700122105001800129200031400147210004200461215001600503320004900519606007400568801001800642801002200660852001900682rc\363990520250610085859.0 aRUb[71-65815] a(NLR Aleph) 007828842 a20130115d1971 |||y0rusy50 ca0 arus aRU ay z |||||1 aМетоды Монте-Карло и их примененияeТезисы докл. на III Всесоюз. конф. по методам Монте-Карло. 30 авг. - 3 сент. 1971 г.fАН СССР. Вычислит. центр СО АН СССР. Ин-т кибернетики АН ГССР aНовосибирскcБ. и.d1971 a169 с.d20 aСписки лит. в конце докл. aМонте-Карло методjТезисы докладов2psbo 0aRUbNLRgpsbo 1aRUbELAR2rusmarc aNLRj71-3/5761